Wolf Alice Songs - Statistics

General Stats
  • This quiz has been taken 52 times
  • The average score is 30 of 49
Answer Stats
Answer % Correct
Bros
97%
Don't Delete The Kisses
94%
Play The Greatest Hits
94%
The Beach
94%
Delicious Things
90%
Lipstick On The Glass
90%
The Beach II
90%
Visions Of A Life
87%
Blush
84%
Giant Peach
84%
How Can I Make It OK?
84%
Smile
84%
Yuk Foo
84%
Your Loves Whore
74%
Lisbon
71%
Moaning Lisa Smile
71%
No Hard Feelings
71%
Silk
71%
Feeling Myself
68%
Planet Hunter
68%
Safe From Heartbreak (if you never fall in love)
68%
St Purple & Green
68%
Beautifully Unconventional
65%
Fluffy
65%
Sadboy
65%
She
65%
You're a Germ
65%
Formidable Cool
61%
Space & Time
61%
The Last Man on Earth
61%
Turn to Dust
61%
Heavenward
58%
Nosedive
55%
90 Mile Beach
52%
Freazy
52%
White Leather
52%
Sky Musings
48%
Heavenly Creatures
45%
The Wonderwhy
45%
Swallowtail
42%
Baby Ain't Made of China
39%
Soapy Water
35%
Storms
35%
After The Zero Hour
32%
I Saw You (In a Corridor)
29%
Leaving You
26%
Every Cloud
23%
We're Not the Same
23%
(Hidden Track)
6%
No matching quizzes found
Score Distribution
Percent of People with Each Score
Percentile by Number Answered
Your Score History
You have not taken this quiz